Clinical laboratory methods and diagnosis : (Record no. 66741)
[ view plain ]
| 000 -LEADER | |
|---|---|
| fixed length control field | 00843nam a2200253 a 4500 |
| 001 - CONTROL NUMBER | |
| control field | 66741 |
| 003 - CONTROL NUMBER IDENTIFIER | |
| rucl marc code | BD-RjUL |
| 005 - DATE AND TIME OF LATEST TRANSACTION | |
| control field | 20211209081555.0 |
| 008 - FIXED-LENGTH DATA ELEMENTS--GENERAL INFORMATION | |
| fixed length control field | 170320s1943 us af 001 0 eng d |
| 035 ## - SYSTEM CONTROL NUMBER | |
| System control number | (BD-RjUL)66872 |
| 040 ## - CATALOGING SOURCE | |
| Transcribing agency | BD-RjUL |
| Modifying agency | BD-RjUL |
| Language of cataloging | eng |
| Original cataloging agency | BD-RjUL |
| 041 ## - LANGUAGE CODE | |
| Language code of text/sound track or separate title | eng |
| 082 ## - DEWEY DECIMAL CLASSIFICATION NUMBER | |
| Edition number | 23 |
| Classification number | 616.075 |
| Author mark and year | GRC 1943 |
| 100 1# - MAIN ENTRY--PERSONAL NAME | |
| Personal name | Gradwohl, R. B. H. |
| Fuller form of name | (Rutherford Birchard Hayes), |
| Dates associated with a name | 1877-1959. |
| 9 (RLIN) | 197582 |
| 245 10 - TITLE STATEMENT | |
| Title | Clinical laboratory methods and diagnosis : |
| Remainder of title | a textbook on laboratory procedures with their interpretation / |
| Statement of responsibility, etc. | Rutherford Birchard Hayes Gradwohl; |
| 250 ## - EDITION STATEMENT | |
| Edition statement | 3d ed. |
| 260 ## - PUBLICATION, DISTRIBUTION, ETC. (IMPRINT) | |
| Place of publication, distribution, etc. | St. Louis, |
| Name of publisher, distributor, etc. | The C. V. Mosby company, |
| Date of publication, distribution, etc. | 1943. |
| 300 ## - PHYSICAL DESCRIPTION | |
| Pagination | v. : |
| Illustrations | ill. ; |
| Size | 26 cm. |
| 500 ## - GENERAL NOTE | |
| General note | Includes index |
| 505 0# - FORMATTED CONTENTS NOTE | |
| Formatted contents note | Vol. 1 -- |
| 650 #0 - SUBJECT ADDED ENTRY--TOPICAL TERM | |
| Topical term or geographic name as entry element | Diagnosis, Laboratory. |
| 9 (RLIN) | 40713 |
| Topical term or geographic name as entry element | Diagnosis. |
| 9 (RLIN) | 197583 |
| 942 ## - ADDED ENTRY ELEMENTS (KOHA) | |
| Source of classification or shelving scheme | Dewey Decimal Classification |
| Koha item type | Books |
| Lost status | Source of classification or shelving scheme | Damaged status | Not for loan | Collection code | Permanent Location | Current Location | Shelving location | Date acquired | Total Checkouts | Full call number | Date last seen | Copy number | Koha item type |
|---|---|---|---|---|---|---|---|---|---|---|---|---|---|
| Dewey Decimal Classification | Not For Loan | Non-fiction | Central Library, University of Rajshahi | Central Library, University of Rajshahi | Reading Room | 17/05/1976 | 616.075 GRC V-1 1943 | 20/03/2017 | C-1 | Books |